000 00310nam a2200133Ia 4500
008 240624s9999 xx 000 0 und d
041 _aeng
082 _a823 CHE
100 _aCHESTERTON G K
245 _aCOMPLETE FATHER BROWN
260 _c1999
_aCalcutta
_bProjapoti
300 _a718p. ; 22cm.
365 _cRS
999 _c3973
_d3973